Railway stations in Lincolnshire Quiz Stats

Quiz not verified by Sporcle

Challenge
Share
Tweet
Embed
Score 0/43 Timer 08:00
0 Plays Today
Station % Correct
Boston
84.4%
Skegness
84.4%
Grantham
82.6%
Lincoln Central
79%
Cleethorpes
71.9%
Sleaford
70.7%
Scunthorpe
70.7%
Spalding
67.7%
Grimsby Town
66.5%
Market Rasen
57.5%
Grimsby Docks
56.3%
Gainsborough Central
52.1%
Stamford
50.9%
Gainsborough Lea Road
47.9%
Barnetby
47.9%
Wainfleet
46.7%
Brigg
46.1%
Ancaster
45.5%
Barton-on-Humber
44.3%
Heckington
42.5%
Saxilby
40.1%
Metheringham
39.5%
Station % Correct
New Clee
38.3%
Habrough
35.9%
Great Coates
33.5%
Hykeham
31.7%
Ruskington
31.7%
Ulceby
31.1%
Swinderby
29.9%
Hubberts Bridge
28.7%
Kirton Lindsey
28.7%
New Holland
28.7%
Rauceby
26.3%
Thorpe Culvert
26.3%
Stallingborough
26.3%
Swineshead
25.7%
Healing
25.7%
Althorpe
24.6%
Havenhouse
23.4%
Barrow Haven
22.8%
Goxhill
21.6%
Thornton Abbey
19.8%
Crowle
17.4%

You're not logged in!

Compare scores with friends on all Sporcle quizzes.
Join for Free
OR
Log In

You Might Also Like...

Show Comments

Extras

Top Quizzes Today


Score Distribution

Your Account Isn't Verified!

In order to create a playlist on Sporcle, you need to verify the email address you used during registration. Go to your Sporcle Settings to finish the process.

Report this User

Report this user for behavior that violates our Community Guidelines.

Details: